Statistics for Most Expensive Football Transfers Winter 2022

Click here to take the quiz!

General Stats

  • This quiz has been taken 108 times
  • The average score is 11 of 25

Answer Stats

FromToFeePlayer% Correct
FiorentinaJuventus€81.60mDušan Vlahović
92%
PortoLiverpool€45.00mLuis Díaz
90%
Manchester CityBarcelona€55.00mFerran Torres
88%
Atletico MadridNewcastle United€15.00mKieran Trippier
72%
BurnleyNewcastle United€30.00mChris Wood
64%
Olympique LyonNewcastle United€42.10mBruno Guimarães
62%
EvertonAston Villa€30.00mLucas Digne
60%
WolfsburgBurnley€14.00mWout Weghorst
59%
JuventusTottenham Hotspur€10.00m (loan fee)Dejan Kulusevski
58%
River PlateManchester City€17.00mJulián Álvarez
58%
JuventusTottenham Hotspur€19.00mRodrigo Bentancur
58%
BrightonNewcastle United€15.00mDan Burn
49%
Dynamo KyivEverton€23.50mVitaliy Mykolenko
44%
AjaxShakhtar Donetsk€12.00mDavid Neres
43%
LilleFiorentina€14.00mJonathan Ikoné
32%
MainzCrystal Palace€11.00mJean-Philippe Mateta
30%
DallasAugsburg€16.36mRicardo Pepi
28%
BaselFiorentina€14.00mArthur Cabral
24%
CopenhagenWolfsburg€12.00mJonas Wind
23%
RangersEverton€14.00mNathan Patterson
22%
Stade BrestoisOlympique Lyon€15.00mRomain Faivre
19%
GrêmioMonaco€11.00mVanderson
12%
InternacionalZenit Saint Petersburg€20.00mYuri Alberto
8%
Union SGBrighton€11.00mKacper Kozlowski
6%
Santos LagunaAmérica€10.60mDiego Valdés
2%

Score Distribution

Percentile by Number Answered

Percent of People with Each Score

Your Score History

You have not taken this quiz